| 000 | 02433cim a2200469Ia 4500 | ||
|---|---|---|---|
| 001 | ocn173665882 | ||
| 003 | OCoLC | ||
| 005 | 20200320183450.0 | ||
| 007 | sd fungnn|||ed | ||
| 008 | 071004s2007 vaunnnn r l n eng d | ||
| 020 | _a1598033530 | ||
| 020 | _a9781598033533 | ||
| 020 | _c89.98 | ||
| 028 | 0 | 2 |
_a4360 _bTeaching Company |
| 028 | 0 | 2 |
_a4360-03 _bTeaching Company |
| 035 | _a(OCoLC)173665882 | ||
| 040 |
_aDPL _cDPL _dWACOL |
||
| 049 | _aWACL | ||
| 092 | 0 |
_a909 _222 |
|
| 092 |
_aCD 909 _bFea |
||
| 100 | 1 |
_aFears, J. Rufus. _95851417 |
|
| 245 | 1 | 4 |
_aThe wisdom of history. _h[sound recording] / _cJ. Rufus Fears. |
| 250 | _aLibrary ed. | ||
| 260 |
_aChantilly, VA : _bTeaching Company, _cc2007. |
||
| 300 |
_a6 sound discs : _bdigital ; _c4 3/4 in + _e1 course guidebook (iv, 66 p. : maps ; 22 cm) |
||
| 490 | 1 | _aGreat courses | |
| 500 | _aUnabridged. | ||
| 538 | _aCompact discs. | ||
| 511 | 0 | _aLecturer: Professor J. Rufus Fears, University of Oklahoma. | |
| 500 | _aLessons 25-36 of 36. | ||
| 505 | 0 | _aLecture 25: The empire of Genghis Khan -- Lecture 26: Britain's legacy of freedom -- Lecture 27: George Washington as statesman -- Lecture 28: Thomas Jefferson as statesman -- Lecture 29: America's empire of liberty--Lewis and Clark -- Lecture 30: America and slavery -- Lecture 31: Abraham Lincoln as stateman -- Lecture 32: The United States and empire -- Lecture 33: Franklin Roosevelt as statesman -- Lecture 34: Superpower at the crossroads -- Lecture 35: The wisdom of history and the citizen -- Lecture 36: The wisdom of history and you. | |
| 650 | 0 |
_aWorld history. _95851418 |
|
| 655 | 0 |
_aAudiobooks. _95851419 |
|
| 710 | 2 |
_aTeaching Company. _95712390 |
|
| 830 | 0 |
_aGreat courses (Compact disc) _95712379 |
|
| 942 |
_cCD _026 |
||
| 948 |
_a06/26/2009 _b07/01/2009 _zSirsi |
||
| 994 |
_a02 _bWACOL |
||
| 996 |
_a71237 _b34301000860728 _cCD _dCD _ewcl _fi _g13 _h89.98 _i.CIRCNOTE. 6 discs; 1 booklet _j.PUBLIC. 6 discs; 1 booklet _lTeaching Company _m909 Fea _npart 1 _p07/01/2009 _q01/05/2018 _r12/16/2017 |
||
| 996 |
_a71237 _b34301000860710 _cCD _dCD _ewcl _fi _g7 _h89.98 _i.CIRCNOTE. 6 discs; 1 booklet _j.PUBLIC. 6 discs; 1 booklet _lTeaching Company _m909 Fea _npart 2 _p07/01/2009 _q10/24/2016 _r10/06/2016 |
||
| 996 |
_a71237 _b34301000860702 _cCD _dCD _ewcl _fi _g6 _h89.98 _i.CIRCNOTE. 6 discs; 1 booklet _j.PUBLIC. 6 discs; 1 booklet _lTeaching Company _m909 Fea _npart 3 _p07/01/2009 _q10/24/2016 _r10/06/2016 |
||
| 999 |
_c270429 _d270429 |
||